ბათუმის შოთა რუსთაველის სახელმწიფო უნივერსიტეტის ბიბლიოთეკა

I საერთაშორისო სიმპოზიუმი ლექსიკოგრაფიაში = I international symposium in lexicography : (ბიბ.ჩანაწერი № 54776)

000 -ლიდერი
ფიქსირებული სიგრძის საკონტროლო ველი 01117nam a2200229Ia 4500
001 - საკონტროლო ნომერი
საკონტროლო ველი 21844
003 - საკონტროლო ნომრის იდენტიფიკატორი
საკონტროლო ველი GE_BSU
005 - ბოლო ოპერაციის თარიღი და დრო
საკონტროლო ველი 20220531173301.0
008 - ფიქსირებული სიგრძის მონაცემთა ელემენტები - ზოგადი ინფორმაცია
ფიქსირებული სიგრძის საკონტროლო ველი 181216s ||||ge |||||||||||||| ||geo||
040 ## - კატალოგიზაციის წყარო
Transcribing agency GE_BSU
041 ## - ენის კოდი
Language code of text/sound track or separate title geo
080 ## - უნივერსალური ათობითი კლასიფიკაციის ინდექსი
Universal Decimal Classification number 81'374(063) პ-38
245 ## - ცნობა სათაურის შესახებ
Title I საერთაშორისო სიმპოზიუმი ლექსიკოგრაფიაში = I international symposium in lexicography :
Remainder of title პროგრამა / სარედ. კოლ. : მარინე აროშიძე და სხვ.
264 ## - წარმოების, გამოცემის, დისტრიბუციის და სხვა ცნობები
გამოცემის, წარმოების, დისტრიბუციის... ადგილი ბათუმი :
გამოცემის, წარმოების, დისტრიბუციის... სახელწოდება [?],
გამოცემის, წარმოების, დისტრიბუციის... თარიღი 2010.
300 ## - ფიზიკური აღწერა
Extent 146 გვ. ;
Dimensions 27 სმ.
500 ## - ზოგადი შენიშვნა
General note შოთა რუსთაველის სახელმწიფო უნივერსიტეტი 75წლისაა
653 ## - INDEX TERM--UNCONTROLLED
Uncontrolled term ლექსიკოგრაფია - საერთაშორისო სიმპოზიუმები
653 ## - INDEX TERM--UNCONTROLLED
Uncontrolled term ლექსიკოგრაფია
653 ## - INDEX TERM--UNCONTROLLED
Uncontrolled term საერთაშორისო სიმპოზიუმები
942 ## - ADDED ENTRY ELEMENTS (KOHA)
Koha item type წიგნი
Source of classification or shelving scheme
ეგზემპლარები
ჩამოწერის სტატუსი დაკარგული ეგზემპლარის სტატუსი კლასიფიკაციის წყარო ან თაროზე გაწყობის სქემა დაზიანების სტატუსი არ გაიცემა მუდმივი მდებარეობა (დაცვის ადგილი) ამჟამინდელი ადგილსამყოფელი თაროზე განთავსების ადგილი შეძენის თარიღი ღირებულება, შესყიდვის ნორმალური ფასი სრული შენახვის შიფრი შტრიხკოდი ბოლო ოპერაციის თარიღი ეგზემპლარის მიმდევრობითი ნომერი (კეტერი?) ფასის ძალაში შესვლის თარიღი ეგზემპლარის სახეობა საჯარო შენიშვნა
          ბათუმის შოთა რუსთაველის სახელმწიფო უნივერსიტეტის მთავარი ბიბლიოთეკა ბათუმის შოთა რუსთაველის სახელმწიფო უნივერსიტეტის მთავარი ბიბლიოთეკა წიგნსაცავი 2018-12-17 10.00 81'374(063) პ-38 56678 2018-12-17 56678 2018-12-17 წიგნი 10.00₾.
          ბათუმის შოთა რუსთაველის სახელმწიფო უნივერსიტეტის მთავარი ბიბლიოთეკა ბათუმის შოთა რუსთაველის სახელმწიფო უნივერსიტეტის მთავარი ბიბლიოთეკა წიგნსაცავი 2018-12-17 10.00 81'374(063) პ-38 56679 2018-12-17 56679 2018-12-17 წიგნი 10.00₾.
          ბათუმის შოთა რუსთაველის სახელმწიფო უნივერსიტეტის მთავარი ბიბლიოთეკა ბათუმის შოთა რუსთაველის სახელმწიფო უნივერსიტეტის მთავარი ბიბლიოთეკა წიგნსაცავი 2018-12-17 10.00 81'374(063) პ-38 56343 2018-12-17 56343 2018-12-17 წიგნი 10.00₾.